00463nam a2200145Ia 4500008004100000245008600041260001700127260000900144300000800153650002300161650001200184856002900196999001900225952007300244170516s9999 xx 000 0 und d aBioluminescence Imaging of Stem Cell-Based Therapeutics for Vascular Regeneration bTheranostics c2012 a2:4 xMedical Technology xMedtech uhttp://www.thno.org/v2i4 c330037d330037 001040aCLbCLd2017-05-16l0r2017-05-16 00:00:00w2017-05-16yFOJ